Impact of ISO 9000 on Operational and Business Performance of Pakistan Machine Tool Factory Karachi (Record no. 65834)

MARC details
000 -LEADER
fixed length control field 00434nam a22001217a 4500
100 ## - MAIN ENTRY--AUTHOR NAME
Personal name Zahid Hussain
-- 16MIEM05
-- Supervisor - Prof. Dr. Abdul Sattar Jamali
245 ## - TITLE STATEMENT
Title Impact of ISO 9000 on Operational and Business Performance of Pakistan Machine Tool Factory Karachi
260 ## - PUBLICATION, DISTRIBUTION, ETC. (IMPRINT)
Place of publication Nawabshah
Name of publisher QUEST
Year of publication 2019
300 ## - PHYSICAL DESCRIPTION
Number of Pages 63
700 ## - ADDED ENTRY--PERSONAL NAME
Personal name Department of Mechanical Engineering
856 ## - ELECTRONIC LOCATION AND ACCESS
Uniform Resource Identifier http://tinyurl.com/mryufp5e
942 ## - ADDED ENTRY ELEMENTS (KOHA)
Koha item type Thesis and Dissertation
Holdings
Withdrawn status Lost status Home library Current library Date acquired Accession Number Koha item type
    Research Section Research Section 10/10/2019 MP/48-570 Thesis and Dissertation
    Research Section Research Section 20/12/2023 MP/44-506 Thesis and Dissertation